Dr. Ábrahám Ambrus akadémikus, egyetemi tanár Az idegsejt filogenezise címmel előadást tart
Elmentve itt :
| Dokumentumtípus: | Cikk |
|---|---|
| Megjelent: |
1966-03-09
|
| Sorozat: | Délmagyarország
56 No. 57 |
| Kulcsszavak: | Ábrahám Ambrus, dr., Előadás biológia Szeged 1966, Előadásülés - Magyar Biológiai Társaság |
| Online Access: | http://dmarchiv.bibl.u-szeged.hu/55627 |
| LEADER | 00555nab a2200145 i 4500 | ||
|---|---|---|---|
| 001 | delm55627 | ||
| 005 | 20180927141848.0 | ||
| 008 | 180927s1966 hu o 0|| hun d | ||
| 040 | |a SZTE Délmagyarország Archívum |b hun | ||
| 041 | |a hun | ||
| 245 | 0 | 0 | |a Dr. Ábrahám Ambrus akadémikus, egyetemi tanár Az idegsejt filogenezise címmel előadást tart |h [elektronikus dokumentum] |
| 260 | |c 1966-03-09 | ||
| 300 | |a 4 | ||
| 490 | 0 | |a Délmagyarország |v 56 No. 57 | |
| 695 | |a Ábrahám Ambrus, dr., Előadás biológia Szeged 1966, Előadásülés - Magyar Biológiai Társaság | ||